000 00428nam a2200145Ia 4500
008 100204s9999 xx 000 0 und d
082 _b5310
100 _aखानोलकर चिंतामणी त्र्यंबक
245 _aअजगर
260 _b"मौज प्रकाशन , मुंबई"
_c1977 re
300 _a93
630 _aअजगर
730 _aअजगर
942 _cBOOK
999 _c449918
_d449915